|
|
|
|
| LEADER |
00000nab a2200000 a 4500 |
| 001 |
vtls000708652 |
| 003 |
SK-MaSNL |
| 005 |
20260302194453.0 |
| 008 |
180206c xo 0 slo |
| 015 |
|
|
|a SNBRB2000/01-01028
|
| 035 |
|
|
|a CLN000060819
|
| 040 |
|
|
|a SNKBUCL
|b slo
|c SNKBUCL
|e AACR2
|
| 041 |
0 |
|
|a slo
|
| 044 |
|
|
|a xo
|c SK
|
| 080 |
|
|
|a 301.15/.18(437.6)(048)
|2 UDC-MRF-SK2
|
| 100 |
1 |
|
|a Valach, Teodor
|4 aut
|9 914641
|
| 245 |
1 |
0 |
|a Juraj Pohronec Čo sa robí u nás doma
|c Fedor Valach
|
| 650 |
0 |
7 |
|a spoločnosť
|z Slovensko
|y 1997-1998
|x publikácie
|x recenzie
|2 snkbucl
|9 914642
|
| 655 |
|
7 |
|a články z novín a časopisov
|2 snkbucl
|9 267496
|
| 773 |
0 |
|
|x 0862-8823
|t Slovenské národné noviny
|g Roč. 10 (14), č. 46 (1999), s. 12
|
| 787 |
0 |
8 |
|i Rec.:
|a Pohronec, Juraj
|t Čo sa robí u nás doma
|d Tankred, 1999
|
| 850 |
|
|
|a Slovenská národná knižnica v Martine
|
| 852 |
|
|
|a SNK
|b KIS3GCP
|
| 958 |
|
|
|a RBX
|
| 999 |
|
|
|c 1448713
|d 1450643
|